000 01332nam2a22002531 4500
001 rc\4820770
005 20250612224403.0
021 _aRU
_b[67-73436]
035 _a(NLR Aleph) 008882654
090 _a8591767
_c8591767
100 _a20130426d1967 |||y0rusy50 ca
101 0 _arus
102 _aRU
105 _aa z |||||
200 1 _aТрансформаторы, асинхронные машины
210 _d1967
_aБ. м.
215 _a221 с., 5 л. табл.
_cчерт.
320 _aБиблиогр.: с. 217-218 (33 назв.)
461 0 _1001rc\4820769
_12001#$aЭлектрические машины для автоматических устройств$eКонспект лекций$fРед. канд. техн. наук Ю.Г. Шакарян$gМ-во высш. и сред. спец. образования СССР. Моск. горный ин-т. Ч. 1-$vЧ. 1
_1700#1$aЧулков$bН.Н.$gНиколай Николаевич
_98591763
_aЧулков, Н.Н.
_cМосква
_d1967-
_fРед. канд. техн. наук Ю.Г. Шакарян
_nБ. и.
_oКонспект лекций
_tЭлектрические машины для автоматических устройств
_vЧ. 1
801 0 _aRU
_bNLR
_gpsbo
801 1 _aRU
_bELAR
_2rusmarc
852 _aNLR
_j67-3/5120
942 _cBOOK
980 _aNB